Interpolation /
Guardado en:
| Autor Principal: | |
|---|---|
| Formato: | Libro |
| Idioma: | English |
| Publicado: |
New York :
Chelsea,
1950.
|
| Edición: | 2d ed. |
| Etiquetas: |
Agregar Etiqueta
Sin Etiquetas, Sea el primero en etiquetar este registro!
|
| LEADER | 00459nam a22001575a 4500 | ||
|---|---|---|---|
| 001 | MAT.inmabb000650 | ||
| 008 | 031118s1950####nyu###########001#0#eng#d | ||
| 005 | 20170802114332.0 | ||
| 245 | 1 | 0 | |a Interpolation / |c by J. F. Steffensen. |
| 250 | |a 2d ed. | ||
| 260 | |a New York : |b Chelsea, |c 1950. | ||
| 300 | |a ix, 248 p. | ||
| 510 | 4 | |a MR, |c MR0036799 | |
| 100 | 1 | |a Steffensen, J. F. |q (Johan Frederik), |d 1873- | |
| 084 | |a 41A05 |2 msc2000 | ||
| 859 | |h 41 |i St817-2 |p A-454 |b BIB. MATEMATICA | ||
